Books Missing 'I' Words Quiz Stats

 Plays Quiz Updated May 25, 2019

Score 0/18 Timer 03:00
15 Plays Today
Hint Answer % Correct
Iron
97.4%
India
95.3%
Identity
92.8%
It
91.9%
Ides
88.2%
Innocence
86.8%
Interview
85.7%
Innocent
83.2%
Into
82.3%
Hint Answer % Correct
Island
81.8%
Invisible
77.5%
Incredibly
76.3%
Incredible
66%
Ivan
61.2%
Invitation
33.4%
IPCRESS
32%
Illustrated
24.9%
Incidents
14.8%

You're not logged in!

Compare scores with friends on all Sporcle quizzes.
OR
Log In

Sporcle TV

Today on Sporcle TV


Watch our educational content, quiz creation guides, and fun videos on Sporcle TV.

Show Comments

Extras

Top Quizzes Today


Score Distribution

Your Account Isn't Verified!

In order to create a playlist on Sporcle, you need to verify the email address you used during registration. Go to your Sporcle Settings to finish the process.

Report this User

Report this user for behavior that violates our Community Guidelines.

Details: